000 00502nam a22001697a 4500
005 20250812151812.0
008 250812b |||||||| |||| 00| 0 eng d
020 _a9789352779390
041 _aEng.
082 _a332.0240 HAL
100 _aHalan, Monika
245 _aLets Talk Money: You've Worked Hard for It Now Make It Work for You
260 _aGurugram
_bHapper Collin
300 _a217;. p. 21 cm
650 _aMoney-Psychological aspects; Personal Finance; Money Management
942 _cBK
999 _c46466
_d46466